| 000 | 00837nam a2200253Ia 4500 | ||
|---|---|---|---|
| 003 | OSt | ||
| 005 | 20221005084342.0 | ||
| 006 | a|||||r|||| 00| 0 | ||
| 007 | ta | ||
| 008 | 221004b |||||||| |||| 00| 0 eng d | ||
| 024 | _a36211 | ||
| 037 | _cTextual | ||
| 040 |
_aCRL _cCRL _beng |
||
| 041 |
_2eng _aeng |
||
| 082 | _aN91.3vL8, J3 | ||
| 100 |
_aSmith Dane Farnsworth _9613231 |
||
| 245 | 0 |
_aCritics in the audience of the London theatres from Buchingham to sheridan _bA study of neoclassicism in the playhouse 1671-1779 |
|
| 260 |
_aNew Mexico _bUniversity Of New Mexico Press USA _c1953 |
||
| 300 |
_a192p _ccm. |
||
| 490 | _aUniversity of new Mexico publication in language and literature 12 | ||
| 650 | _aARTS | ||
| 942 |
_hN91.3vL8, J3 _cTEXL _2cc |
||
| 999 |
_c992458 _d992458 |
||